Normal view
MARC view
- Shmueli, Galit
Entry Personal Name
001 - CONTROL NUMBER
- control field: 83630
003 - CONTROL NUMBER IDENTIFIER
- control field: NUST
005 - DATE AND TIME OF LATEST TRANSACTION
- control field: 20211102100324.0
008 - FIXED-LENGTH DATA ELEMENTS
- fixed length control field: 211102|| aca||aabn | a|a d
040 ## - CATALOGING SOURCE
- Original cataloging agency: NUST
- Transcribing agency: NUST
100 ## - HEADING--PERSONAL NAME
- Personal name: Shmueli, Galit
670 ## - SOURCE DATA FOUND
- Source citation: Work cat.: (NUST): Shmueli, Galit, Data Mining for Business Analytics : Concepts, Techniques, and Applications in PYTHON, 2020.
